| 000 | 00737nam a22001937a 4500 | ||
|---|---|---|---|
| 999 |
_c18533 _d18533 |
||
| 003 | AR-CdUCM | ||
| 008 | 190514b ||||| |||| 00| 0 spa d | ||
| 040 |
_aMUNICIPALIDAD PROVINCIAL DEL CUSCO _cBIBLIOTECA MUNICIPAL DEL CUSCO |
||
| 082 |
_24ed. _a191 / _bB57 |
||
| 100 |
_aBlau, Joseph L. _939175 |
||
| 245 | _aFilósofos y escuelas filosóficas en los estados de América / | ||
| 260 |
_aBarcelona : _bReverte, _c1957. |
||
| 300 |
_a444 páginas ; _c24 cm. |
||
| 505 | _aMaterialismo e inmaterialismo coloniales -- La ilustración en los estados unidos -- Ortodoxia folosofica -- Los arrebatos juveniles en nueva inglaterra -- | ||
| 650 |
_aFilosofia. _9395 |
||
| 650 |
_aMaterialismo. _95459 |
||
| 942 |
_2ddc _cLIBROS |
||
| 945 | _awfj | ||